| 000 | 01176pam a2200337 a 4500 | ||
|---|---|---|---|
| 999 |
_c1659 _d1659 |
||
| 001 | 015743696 | ||
| 003 | Uk | ||
| 005 | 20230118084212.0 | ||
| 008 | 101008s2011 nyua j 000 1 eng|d | ||
| 015 |
_aGBB115187 _2bnb |
||
| 016 | 7 |
_a015743696 _2Uk |
|
| 020 | _a9780810997158 | ||
| 040 |
_aStDuBDS _beng _cStDuBDS _dUk _dKH8 |
||
| 042 | _aukblcatcopy | ||
| 082 | 0 | 4 |
_a813.6 ANG _222 |
| 100 | 1 |
_aAngleberger, Tom. _eauthor |
|
| 245 | 1 | 0 |
_aHorton Halfpott, or, The fiendish mystery of Smugwick Manor, or, The loosening of M'Lady Luggertuck's corset / _cTom Angleberger, with illustrations by the author. |
| 260 |
_aNew York : _bAmulet, _cc2011. |
||
| 300 |
_a206 p. : _bill. ; _c20 cm. |
||
| 336 |
_atext _2rdacontent |
||
| 337 |
_aunmediated _2rdamedia |
||
| 338 |
_avolume _2rdacarrier |
||
| 500 |
_aFormerly CIP. _5Uk |
||
| 650 | 0 |
_aHousehold employees _vJuvenile fiction. |
|
| 650 | 0 |
_aSocial classes _vJuvenile fiction. |
|
| 650 | 0 |
_aConduct of life _vJuvenile fiction. |
|
| 650 | 0 |
_aEccentrics and eccentricities _vJuvenile fiction. |
|
| 651 | 0 |
_aGreat Britain _xHistory _yVictoria, 1837-1901 _vJuvenile fiction. |
|
| 655 | 0 | _aChildren's stories. | |
| 942 |
_2ddc _cNFIC |
||